Por un derecho orientado hacia la humanidad. Ponencias
Saved in:
| Institution som forfatter: | |
|---|---|
| Format: | Bog |
| Sprog: | spansk |
| Udgivet: |
Valparaíso
Universidad de Valparaíso
2002
|
| Fag: | |
| Tags: |
Tilføj Tag
Ingen Tags, Vær først til at tagge denne postø!
|
MARC
| LEADER | 00000nam a2200000 a 4500 | ||
|---|---|---|---|
| 001 | UCI3331 | ||
| 003 | CL-VaPUC | ||
| 005 | 20211019074311.0 | ||
| 008 | 071026e20020000cl 1 spa d | ||
| 082 | 0 | 4 | |a 345 |b DEF |2 21 |
| 110 | 2 | |a Defensoría Penal Pública de Chile |e author |9 621072 | |
| 245 | 1 | 0 | |a Por un derecho orientado hacia la humanidad. Ponencias |
| 260 | |a Valparaíso |b Universidad de Valparaíso |c 2002 | ||
| 300 | |a 835 p | ||
| 583 | |a last modification |c 20190828 09:53:40 |k Rodrigo Vera | ||
| 650 | 0 | 7 | |a DERECHO PENAL-CONGRESOS |2 CL-VaPUC |9 621073 |
| 650 | 0 | 7 | |a CRIMINOLOGIA-CONGRESOS |2 CL-VaPUC |9 621074 |
| 650 | 0 | 7 | |a CULPABILIDAD |2 CL-VaPUC |9 351694 |
| 650 | 0 | 0 | |a Teoría del derecho |9 255982 |
| 650 | 0 | 0 | |a Responsabilidad penal |9 254899 |
| 650 | 0 | 7 | |a REFORMA PENAL |2 CL-VaPUC |9 621075 |
| 650 | 0 | 0 | |a Prisiones |9 255309 |
| 650 | 0 | 0 | |a Derechos humanos |9 223025 |
| 650 | 0 | 7 | |a TRIBUNAL PENAL INTERNACIONAL |2 CL-VaPUC |9 524966 |
| 942 | |c BK | ||
| 945 | |a rbrito |d 20071026 00:00:00 | ||
| 546 | |a En Español | ||
| 536 | |a Universidad de Valparaíso | ||
| 518 | |p Congreso Latinoamericano de Derecho penal y criminología, 14, Valparaíso, 25-28 de septiembre de 2003 | ||
| 999 | |c 384295 |d 384293 | ||
| 952 | |0 0 |1 0 |4 0 |6 345_000000000000000_DEF_2002 |7 0 |8 A |9 506940 |a BIBDER |b BIBDER |d 2020-01-23 |i 4382692 |o 345 DEF 2002 |p 4382692 |r 2023-01-25 |w 2020-01-23 |y BK |k DER | ||